000 00852nam a2200289Ia 4500
001 Para_7819
003 CHAP
008 220125s1931 xx 000 0 und d
010 _a206453
040 _cCHAP
082 _aPA-C 634 B85
100 _aButterfield, H. M.
_916456
245 _aHome floriculture in California /
_c H.M. Butterfield
260 _aBerkeley, California :
_b University of California. The College of Agriculture
300 _a180 p.
440 _aCircular; 53
_9172755
500 _aEncuadernado con: otros impresos similares
650 _aFloricultura
_941822
650 _aFruticultura
_x colecciones de escritos
_9172526
901 _aPA-C 634 B85
902 _aA
905 _a0000001931 0000000000 00
910 _a1931
942 _cPARA
942 _cPARA
_d1
999 _c206453
_d206453